000 00462pam a2200169 a 4500
020 _a81-224-1607-1
_cPAPER BACK
041 _aeng
082 _a621.388
_bGUL
100 _aGULATI R. R.
245 _aMONOCHROME AND COLOUR TELEVISION 2ND ED
_hTextual Documents
250 _a01-01-2008
260 _bNEW AGE INTERNATIONAL PUB., NEW DELHI
300 _a688
_c24 X 18
500 _a12407
653 _aAUDIO VIDEO ENGINEERING (B.E.ELECTIVE-II)
930 _a11937
999 _c55162
_d55162